Handbook of worked examples in structural engineering /

Bibliographic Details
Main Author: Handa, Inder Jit
Format: Book
Language:English
Published: Englewood Cliffs, N.J. : Prentice-Hall, [1982]
Subjects:

MARC

Tag First Indicator Second Indicator Subfields
LEADER 00000pam a2200000 a 4500
001 in00000081193
005 20151008060955.0
008 801216s1982 njua b 00110 engm
010 |a  80029067  
020 |a 0133829030 
035 |a (OCoLC)07174234 
035 |9 AAJ7010AM 
040 |a DLC  |c DLC  |d m.c.  |d TXA  |d UtOrBLW 
049 |a TXAM  |c [1196544] 
050 0 0 |a TA640.4  |b .H36 
082 0 |a 624.1/076  |2 19 
100 1 |a Handa, Inder Jit. 
245 1 0 |a Handbook of worked examples in structural engineering /  |c Inder Jit Handa. 
264 1 |a Englewood Cliffs, N.J. :  |b Prentice-Hall,  |c [1982] 
264 4 |c ©1982 
300 |a xi, 452 pages :  |b illustrations ;  |c 29 cm. 
336 |a text  |b txt  |2 rdacontent 
337 |a unmediated  |b n  |2 rdamedia 
338 |a volume  |b nc  |2 rdacarrier 
504 |a Includes bibliographical references and index. 
650 0 |a Structural engineering  |v Problems, exercises, etc. 
999 |a MARS 
999 f f |s 448aba3b-9a66-32d6-9d51-009169359cc7  |i 0a3f11e0-16d1-3d70-bd44-e32ecaacd262  |t 0 
952 f f |p ric  |a Texas A&M University  |b Rellis Campus  |c Joint Library Facility  |d Remote Storage  |t 0  |e TA640.4 .H36  |h Library of Congress classification  |i unmediated -- volume  |m A14806243166 
998 f f |a TA640.4 .H36  |t 0  |l Remote Storage